000 00434nam a2200169Ia 4500
008 210210b2003 xxu||||| |||| 00| 0 eng d
020 _a81 7014 164 8
082 _a658.8 NAIM
100 _aNAIR (N Rajan) and NAIR (Sanjith R).
245 _aMarketing. Ed 7.
250 _a
260 _aNew Delhi.
_bSultan Chand & Sons
_c2003
300 _axiv,461
650 _aMarketing
690 _aMarketing Management
906 _a059169
999 _c106093
_d106093